000
00358nam a2200133Ia 4500
003
GCL
008
140319s9999 xx 000 0 ara d
040
_a
GCL /
_c
GCL
082
0
4
_a
ط
_b
922.1
_b
ع ا
245
1
0
_a
زين العابدين
260
_a
[S.N] :
_b
دار الكتب الاسلامية ،
_c
1990
300
_a
15
490
_a
اطفال ابطال
_v
0
999
_c
58054
_d
58054